| 000 | 00000nas 2200000zi 4500 |
| 001 | 9.835501 |
| 003 | CaOODSP |
| 005 | 20250327101253 |
| 006 | m o d f |
| 007 | cr cn |||||||| |
| 008 | 170420d19921998oncfx p o s f0###a0fre|d |
| 022 | |a1481-899X|y1195-4302 |
| 040 | |aCaOODSP|bfre|erda|cCaOODSP |
| 041 | |aeng|afre |
| 043 | |an-cn--- |
| 086 | 1 |aCS21-004-PDF |
| 210 | 0 |aVista agri-food ind. farm community |b(Online) |
| 222 | 0|aVista on the agri-food industry and the farm community |b(Online) |
| 245 | 00|aVISTA on the agri-food industry and the farm community. |
| 246 | 15|aRegards sur l'industrie agro-alimentaire et la communauté agricole |
| 264 | 1|aOttawa, Ontario : |bStatistics Canada = Statistique Canada, |c[1992-1998] |
| 310 | |aSemiannuel |
| 336 | |atexte|btxt|2rdacontent/fre |
| 337 | |ainformatique|bc|2rdamedia/fre |
| 338 | |aressource en ligne|bcr|2rdacarrier/fre |
| 362 | 1 |aParaît depuis 1992?; ne paraît plus après : septembre 1998. |
| 500 | |aChaque numéro comporte aussi un titre distinct. |
| 500 | |aÉdition numérisée de l'imprimé [par Statistique Canada]. |
| 520 | |aRenferme plusieurs courts articles mettant en lumière des renseignements statistiques ayant pour thèmes l'agriculture, l'alimentation et les problèmes ruraux. De plus, on y retrouve des indicateurs courants de l'activité agricole, une liste des personnes-ressources et un calendrier des prochaines diffusions statistiques. |
| 546 | |aTexte en français et en anglais avec la page de titre additionnelle. |
| 550 | |aPublié par : Statistique Canada, Division de l'agriculture. |
| 588 | |aDescription d'après : 1992; titre de départ du fichier PDF. |
| 588 | |aDernière livraison consultée : septembre 1998. |
| 650 | 6|aIndustries agricoles|zCanada|vPériodiques. |
| 650 | 6|aAgriculture|xAspect économique|zCanada|vStatistiques|vPériodiques. |
| 650 | 6|aVie à la ferme|zCanada|vPériodiques. |
| 650 | 6|aAliments|xIndustrie et commerce|xAspect économique|zCanada|vStatistiques|vPériodiques. |
| 655 | 7|aPériodiques|2rvmgf |
| 710 | 1 |aCanada. |bStatistique Canada. |bDivision de l'agriculture, |eorganisme de publication. |
| 785 | 00|tRegards sur l'industrie agro-alimentaire et la communauté agricole.|w(CaOODSP)9.501350 |
| 788 | |tVISTA on the agri-food industry and the farm community.|eeng|w(CaOODSP)9.504952 |